STATISTICAL MODELLING in MEDICAL and ECONOMIC DATA / (Record no. 204326)
[ view plain ]
| 000 -LEADER | |
|---|---|
| fixed length control field | 01116nam a2200313 i 4500 |
| 005 - DATE AND TIME OF LATEST TRANSACTION | |
| control field | 20260622122235.0 |
| 008 - FIXED-LENGTH DATA ELEMENTS--GENERAL INFORMATION | |
| fixed length control field | 260517t20242024my ad gr a001 0 eng d |
| 020 ## - INTERNATIONAL STANDARD BOOK NUMBER | |
| International Standard Book Number | 9789835220517 |
| Terms of availability | RM60.00 |
| Qualifying information | paperback |
| 040 ## - CATALOGING SOURCE | |
| Original cataloging agency | PPAK |
| Language of cataloging | eng |
| Transcribing agency | PPAK |
| Description conventions | rda |
| 082 04 - DEWEY DECIMAL CLASSIFICATION NUMBER | |
| Edition number | 23 |
| Classification number | 519.5 |
| 090 00 - LOCALLY ASSIGNED LC-TYPE CALL NUMBER (OCLC); LOCAL CALL NUMBER (RLIN) | |
| Classification number (OCLC) (R) ; Classification number, CALL (RLIN) (NR) | 519.5 |
| Feature heading | STA |
| Feature heading | G |
| 245 00 - TITLE STATEMENT | |
| Title | STATISTICAL MODELLING in MEDICAL and ECONOMIC DATA / |
| Statement of responsibility, etc. | Edited by NUR ARINA BAZILAH KAMISAN, NORASLINDA MOHAMED ISMAIL |
| 250 ## - EDITION STATEMENT | |
| Edition statement | First Edition 2024 |
| 264 #1 - PRODUCTION, PUBLICATION, DISTRIBUTION, MANUFACTURE, AND COPYRIGHT NOTICE | |
| Place of production, publication, distribution, manufacture | Johor Bahru, Johor : |
| Name of producer, publisher, distributor, manufacturer | PENERBIT UTM PRESS, |
| Date of production, publication, distribution, manufacture, or copyright notice | 2024 |
| Date of production, publication, distribution, manufacture, or copyright notice | ©2024 |
| 300 ## - PHYSICAL DESCRIPTION | |
| Extent | xii, 187 pages : |
| Other physical details | illustrations, charts ; |
| Dimensions | 25 cm |
| 336 ## - CONTENT TYPE | |
| Content type term | text |
| Source | rdacontent |
| 337 ## - MEDIA TYPE | |
| Media type term | unmediated |
| Source | rdamedia |
| 338 ## - CARRIER TYPE | |
| Carrier type term | volume |
| Source | rdacarrier |
| 500 ## - GENERAL NOTE | |
| General note | Includes bibliographical references and index. |
| 650 10 - SUBJECT ADDED ENTRY--TOPICAL TERM | |
| Topical term or geographic name entry element | Statistics |
| Topical term or geographic name entry element | Medical statistics |
| Topical term or geographic name entry element | Economics |
| General subdivision | Statistical methods |
| Topical term or geographic name entry element | Econometrics |
| Topical term or geographic name entry element | Government publications |
| Geographic subdivision | Malaysia |
| 700 0# - ADDED ENTRY--PERSONAL NAME | |
| Personal name | Nur Arina Bazilah Kamisan, |
| Relator term | editor. |
| Personal name | Noraslinda Mohamed Ismail, |
| Relator term | editor. |
| 942 ## - ADDED ENTRY ELEMENTS (KOHA) | |
| Source of classification or shelving scheme | Dewey Decimal Classification |
| Koha item type | Book |
No items available.